Giáo trình mĩ thuật học
Trình bày những vấn đề lí luận cơ bản về mĩ thuật: ngôn ngữ mĩ thuật, thể loại và chất liệu hội hoạ, thể loại và chất liệu điêu khắc, thể loại đồ hoạ, phân tích tác phẩm
Tallennettuna:
| Päätekijä: | |
|---|---|
| Aineistotyyppi: | Kirja |
| Kieli: | Vietnamese |
| Julkaistu: |
H.
Đại học Sư phạm
2013
|
| Painos: | In lần thứ 3 |
| Aiheet: | |
| Tagit: |
Lisää tagi
Ei tageja, Lisää ensimmäinen tagi!
|
| Thư viện lưu trữ: | Mạng thư viện Đại học Đà Nẵng |
|---|
| LEADER | 01454nam a2200349 4500 | ||
|---|---|---|---|
| 001 | 000024245 | ||
| 003 | 20731 | ||
| 005 | 20161109101118.0 | ||
| 008 | 161101s2013 viesd | ||
| 020 | |c 50000đ | ||
| 041 | 0 | |a vie | |
| 082 | 1 | 4 | |a 707.1 |b TR-L |
| 100 | 1 | |a Trần Tiểu Lâm | |
| 245 | 1 | 0 | |a Giáo trình mĩ thuật học |c Trần Tiểu Lâm, Phạm Thị Chỉnh |
| 250 | |a In lần thứ 3 | ||
| 260 | |a H. |b Đại học Sư phạm |c 2013 | ||
| 300 | |a 167 tr. |b minh họa |c 24 cm. | ||
| 500 | |a Đầu bìa sách ghi: Bộ Giáo dục và Đào tạo. Dự án Đào tạo giáo viên THCS | ||
| 504 | |a Thư mục: tr. 167 | ||
| 520 | 3 | |a Trình bày những vấn đề lí luận cơ bản về mĩ thuật: ngôn ngữ mĩ thuật, thể loại và chất liệu hội hoạ, thể loại và chất liệu điêu khắc, thể loại đồ hoạ, phân tích tác phẩm | |
| 650 | 0 | 4 | |a Mỹ thuật |v Giáo trình |x Giáo dục mầm non |
| 653 | |a Nghệ thuật tạo hình | ||
| OWN | |a LSP | ||
| AVA | |a UDN50 |b LSP |d 707.1 TR-L |e check_holdings |t Error 5003 Not defined in file expand_doc_bib_avail. |h N |k 1 | ||
| 999 | |a From the UDN01 | ||
| AVA | |a UDN50 |b LSP |d 707.1 TR-L |e available |t Error 5001 Not defined in file expand_doc_bib_avail. |f 20 |g 1 |h N |i 2 |k 1 | ||
| TYP | |a Monograph | ||
| TYP | |a Printed language | ||
| 980 | |a Mạng thư viện Đại học Đà Nẵng | ||